Tras las huellas de los dioses del sol / (Record no. 80610)

MARC details
000 -LEADER
campo de control de longitud fija 00651nam a2200205 i 4500
001 - NÚMERO DE CONTROL
campo de control 80610
003 - IDENTIFICADOR DE NÚMERO DE CONTROL
campo de control ES-MaACL
005 - FECHA Y HORA DE LA ÚLTIMA TRANSACCIÓN
campo de control 20230906174243.0
007 - CAMPO FIJO DE DESCRIPCIÓN FÍSICA--INFORMACIÓN GENERAL
campo de control de longitud fija t|
008 - DATOS DE LONGITUD FIJA--INFORMACIÓN GENERAL
campo de control de longitud fija 041028s1977 sp ||||1| spa d
100 1# - ENTRADA PRINCIPAL--NOMBRE DE PERSONA
Nombre de persona Homet, Marcel F.
9 (RLIN) 64115
245 10 - MENCIÓN DEL TÍTULO
Título Tras las huellas de los dioses del sol /
Mención de responsabilidad, etc. Marcel Homet ; [traducción de J.L. Herrero del Pozo].
260 ## - PUBLICACIÓN, DISTRIBUCIÓN, ETC.
Lugar de publicación, distribución, etc. Barcelona :
Nombre del editor, distribuidor, etc. Daimon,
Fecha de publicación, distribución, etc. [1977]
300 ## - DESCRIPCIÓN FÍSICA
Extensión 253 p., 8 lám. :
Otras características físicas il. ;
Dimensiones 20 cm.
490 1# - MENCIÓN DE SERIE
Mención de serie Enigmas del Universo
700 1# - ENTRADA AGREGADA--NOMBRE PERSONAL
Nombre de persona Herrero del Pozo, Juan Luis.
9 (RLIN) 63307
830 0# - PUNTO DE ACCESO ADICIONAL DE SERIE-TÍTULO UNIFORME
Título uniforme Enigmas del Universo
9 (RLIN) 231499
852 ## - LOCALIZACIÓN
Ubicación ES-MaACL
Número de control de estantería A-6583
Sublocalización o colección R.95712
Holdings
Estatus retirado Estado de pérdida Estado de daño No para préstamo Biblioteca de origen Biblioteca actual Ubicación en estantería Fecha de adquisición Fuente de adquisición Total de préstamos Signatura topográfica completa Código de barras Visto por última vez Precio de reemplazo Tipo de ítem Koha
        Biblioteca del Ateneo de Madrid Biblioteca del Ateneo de Madrid Sala Pecera Planta 1 17/01/2008     A-6583 1084277 23/02/2023 23/02/2023 Libro impreso